| 000 | 01185cam a22003131 4500 | ||
|---|---|---|---|
| 001 | 4528534 | ||
| 003 | OSt | ||
| 005 | 20110428120748.0 | ||
| 008 | 770614s1950 enk 001 0 eng | ||
| 010 | _a 51002602 | ||
| 035 | _a(DLC) 51002602 | ||
| 040 |
_aDLC _cWU-L _dWU-L _dDLC |
||
| 043 | _ae-uk-en | ||
| 050 | 0 | 0 |
_aKD3050 _b.C58 1950 |
| 082 | 0 | 0 | _a331.880942 CIT |
| 100 | 1 |
_aCitrine, Norman Arthur, _cLord, _d1914-1997. _92050 |
|
| 245 | 1 | 0 |
_aTrade union law, _cwith a foreword by Lord Jowitt and an introd. by Sir Henry Slesser. |
| 260 |
_aLondon, _bStevens, _c1950. |
||
| 300 |
_axliv, 700 p. _c25 cm. |
||
| 500 | _a"Based on 'Trade union law' ... by ... Sir Henry Slesser ... and Charles Baker." | ||
| 500 | _aIncludes legislation. | ||
| 650 | 0 |
_aLabor unions _xLaw and legislation _zGreat Britain. _92051 |
|
| 700 | 1 |
_aSlesser, Henry Herman, _cSir, _d1883- _tTrade union law. _92052 |
|
| 710 | 1 |
_aGreat Britain. _kLaws, statutes, etc. _92053 |
|
| 906 |
_a7 _bcbc _corignew _du _eocip _f19 _gy-gencatlg |
||
| 942 |
_2ddc _cBK |
||
| 999 |
_c752 _d752 |
||